02201cam a22004215a 4500001000800000005001700008008004100025020001800066035002100084035002400105035001700129040003700146082001700183100004300200245004900243246005000292246002500342250002700367260007600394300004100470490003200511500005700543500003500600500002400635504004100659505012200700520040500822650003901227651001001266653002501276655002401301700004501325942000801370999001701378952012301395952013801518952012301656780469920201128023620.0100520r20071994enka frb 001 0 eng d a9780080410036 a(OCoLC)794844005 a(OCoLC)ocn794844005 a(NNC)7804699 aKNOVLbengcKNOVLdZCUdEG-ScBUE04a660bCOU2221 aCoulson, J. M.q(John Metcalfe)93844510aCoulson & Richardson's chemical engineering.3 aCoulson and Richardson's Chemical engineering30aChemical engineering a3rd ed., Reprinted ed. aOxford ;aBurlington, Mass. :bButterworth-Heinemann / Elsevier,c2007. av. 3 (xix, 776 p.) :bill. ;c25 cm.0 aChemical engineering series aPrevious editions have title : Chemical engineering. aThis ed. first published 1994. aIndex : p. 753-776. aIncludes bibliographical references.20tv. 3. Chemical & biochemical reactors & process control /reditors of volume three, J.F. Richardson and D.G. Peacock. aThe publication of the third edition of 'Chemical Engineering Volume 3' marks the completion of the re-orientation of the basic material contained in the first three volumes of the series. Volume 3 is devoted to reaction engineering (both chemical and biochemical), together with measurement and process control. This text is designed for students, graduate and postgraduate, of chemical engineering. 7aChemical engineering.2BUEsh91062 2BUEsh bENGCHEcNovember2015 vReading book9342321 aRichardson, J. F.q(John Francis)938446 2ddc c21047d21019 00102ddc40708BaccahaMAINbMAINc1STd2015-11-16ePurchasel0o660 COUp000031328r2025-07-15 00:00:00yBBzVOL. 3 00102ddc40708BaccahaMAINbMAINc1STd2015-11-16ePurchasel1m5o660 COUp000031329r2025-07-15 00:00:00s2018-04-05yBBzVOL. 3 00102ddc40708BaccahaMAINbMAINc1STd2015-11-16ePurchasel0o660 COUp000031330r2025-07-15 00:00:00yBBzVOL. 3